Die Kinder- und Jugendhilfe und ihre Statistik / 1 Einführung und Grundlagen / Thomas Rauschenbach ; Matthias Schilling
| Beteiligte: | ; |
|---|---|
| Medienart: | Druck Buch |
| Sprache: | Deutsch |
| Veröffentlicht: |
Neuwied
Luchterhand
1997
|
| In: |
Die Kinder- und Jugendhilfe und ihre Statistik
Jahr: 1997 |
| Online-Zugang: |
Inhaltsverzeichnis |
| Bestand in Tübingen: | In Tübingen vorhanden. IFK: F III 448 |
| Verfügbarkeit prüfen: | HBZ Gateway |
| Subito Bestelldienst: | Jetzt bestellen. |
MARC
| LEADER | 00000cam a2200000 cc4500 | ||
|---|---|---|---|
| 001 | 113086149X | ||
| 003 | DE-627 | ||
| 005 | 20250221104343.0 | ||
| 007 | tu | ||
| 008 | 970820s1997 xx ||||| 00| ||ger c | ||
| 016 | 7 | |a 950979279 |2 DE-101 | |
| 020 | |a 3472030216 |9 3-472-03021-6 | ||
| 024 | 3 | |a 9783472030218 | |
| 035 | |a (DE-627)113086149X | ||
| 035 | |a (DE-576)060861495 | ||
| 035 | |a (DE-599)DNB950979279 | ||
| 035 | |a (OCoLC)1500539360 | ||
| 035 | |a (OCoLC)312963110 | ||
| 040 | |a DE-627 |b ger |c DE-627 |e rakwb | ||
| 041 | |a ger | ||
| 084 | |a DG 8500 |2 rvk |0 (DE-625)rvk/19562: | ||
| 084 | |a MS 2430 |2 rvk |0 (DE-625)rvk/123638: | ||
| 245 | 0 | 4 | |a Die Kinder- und Jugendhilfe und ihre Statistik |n 1 |p Einführung und Grundlagen / Thomas Rauschenbach ; Matthias Schilling |c Thomas Rauschenbach ... (Hrsg.) |
| 264 | 1 | |a Neuwied |b Luchterhand |c 1997 | |
| 300 | |a 296 S. |b graph. Darst. | ||
| 336 | |a Text |b txt |2 rdacontent | ||
| 337 | |a ohne Hilfsmittel zu benutzen |b n |2 rdamedia | ||
| 338 | |a Band |b nc |2 rdacarrier | ||
| 700 | 1 | |a Rauschenbach, Thomas |d 1952- |0 (DE-588)118087045 |0 (DE-627)079236235 |0 (DE-576)162667574 |4 oth | |
| 700 | 1 | |a Schilling, Matthias |4 oth | |
| 773 | 1 | 8 | |a Die Kinder- und Jugendhilfe und ihre Statistik |w (DE-627)1130861473 |w (DE-576)060861479 |g 1 |q 1 |7 nnam |
| 856 | 4 | 2 | |u http://d-nb.info/950979279/04 |m V:DE-605 |q application/pdf |3 Inhaltsverzeichnis |7 1 |
| 936 | r | v | |a DG 8500 |b Sozialpädagogik (Sozialarbeit, Sozialhilfe), Sozialerziehung (Gruppenpädagogik, Jugendarbeit) |k Pädagogik |k Spezialfragen der Erziehung |k Sozialpädagogik (Sozialarbeit, Sozialhilfe), Sozialerziehung (Gruppenpädagogik, Jugendarbeit) |0 (DE-627)1270769510 |0 (DE-625)rvk/19562: |0 (DE-576)200769510 |
| 936 | r | v | |a MS 2430 |b Jugendhilfe |k Soziologie |k Spezielle Soziologien |k Jugendsoziologie |k Jugendhilfe |0 (DE-627)1271441004 |0 (DE-625)rvk/123638: |0 (DE-576)201441004 |
| 936 | r | u | |a DS 7100 |b Jugendhilfe |k Pädagogik |k Sozialpädagogik, Sozialarbeit |k Berufsfelder |k Jugendhilfe |0 (DE-627)1270710141 |0 (DE-576)200710141 |z Ungueltig |
| 951 | |a MV | ||
| ELC | |b 1 | ||
| LOK | |0 000 xxxxxcx a22 zn 4500 | ||
| LOK | |0 001 2311060848 | ||
| LOK | |0 003 DE-627 | ||
| LOK | |0 004 113086149X | ||
| LOK | |0 005 20250219123016 | ||
| LOK | |0 008 980701||||||||||||||||ger||||||| | ||
| LOK | |0 040 |a DE-21-110 |c DE-627 |d DE-21-110 | ||
| LOK | |0 852 |a DE-21-110 | ||
| LOK | |0 852 1 |c F III 448 |m p |9 00 | ||
| LOK | |0 935 |a k110 | ||
| LOK | |0 936ln |a 5.5.1 | ||
| LOK | |0 938 |k p | ||
| LOK | |0 939 |a 01-07-98 |b l01 | ||
| ORI | |a SA-MARC-krimdoka001.raw | ||
| SIG | |a IFK: F III 448 | ||
